| 000 | 00778nam a2200265 4500 | ||
|---|---|---|---|
| 003 | OSt | ||
| 005 | 20260530113844.0 | ||
| 008 | 260506b2006 maua|||| |||| 00| 0 eng d | ||
| 020 | _a1592532829 | ||
| 020 | _a9781592532827 | ||
| 040 |
_aICI _bspa _cICI |
||
| 041 | _aeng | ||
| 050 |
_aZ246 _bB47 2006b |
||
| 100 | 1 |
_aGodfrey, Jason, _eautor _930574 |
|
| 245 | 1 | 4 |
_aThe Best of brochure design 9 / _cJason Godfrey |
| 264 | 1 |
_aGloucester, Massachusetts : _bRockport Publishers, _c2006 |
|
| 300 |
_a240 páginas : _bilustraciones |
||
| 336 |
_atexto _2rdacontent |
||
| 337 |
_asin medio _2rdamedia |
||
| 338 |
_avolumen _2rdacarrier |
||
| 650 | 4 |
_aFolletos _xDiseño _930575 |
|
| 650 | 4 |
_aVolantes publicitarios _930576 |
|
| 650 | 4 |
_aArte comercial _930577 |
|
| 942 |
_2lcc _cBK _n1 |
||
| 999 |
_c11234 _d11234 |
||